| 000 | 00403cam a22001695a 4500 | ||
|---|---|---|---|
| 001 | E142295 | ||
| 008 | 080201s2007 xxk f 000 0 eng d | ||
| 020 | _a9780414015913 | ||
| 035 | _a(Sirsi) u142295 | ||
| 041 | 0 | _aeng | |
| 245 | 0 | 0 |
_aGloag and Henderson _bThe law of Scotland |
| 250 | _a12th ed. | ||
| 260 |
_bThomson W. Green _c2007 |
||
| 350 | _a185 | ||
| 651 | 4 |
_aScotland _y1999- |
|
| 942 | _n0 | ||
| 999 |
_c107857 _d107857 |
||